000 00575nam a2200229 a 4500
001 31405
003 AR-BaAGN
007 ta
008 220625s19uu ag |||||r|||| ||||||spa d
020 _a950-9807-49-4
040 _dAR-BaAGN
_aAR-BaAGN
_bspa
_eaacr
100 1 _aCambaceres, Eugenio
245 1 0 _aMusica sentimental
260 _aBuenos Aires :
_bFondo Nacional de las Artes,
_c[19--?]
300 _a160 páginas
942 _cLIBRO
999 _c31405
_d31405
005 20230830150045.0
336 _2rdacontent
_btxt
337 _2rdamedia
_bn
338 _2rdacarrier
_bnc